| 000 | 00550nam a2200169Ia 4500 | ||
|---|---|---|---|
| 008 | 230917s9999||||xx |||||||||||||| ||und|| | ||
| 020 | _cRS 915.00 | ||
| 040 |
_e5014317 _aMAIN |
||
| 041 | _aEnglish | ||
| 082 | _a333.913095479 O1S | ||
| 100 | _aOza, Nandini | ||
| 245 | 0 | _aStruggle for Narmada: An oral history of the Narmada Bachao Andolan, by adivasi leaders Keshavbhau and Kevalsingh vasave | |
| 260 |
_aNew Delhi _bOrient Blackswan _c2022 |
||
| 300 | _axlvi, 273 p. | ||
| 500 | _a4896 23/12/2022 HBD23/9666 19/01/2023 Main Budget | ||
| 942 | _cBK | ||
| 999 |
_c7744 _d7744 |
||